| 000 | 00521nam a22001697a 4500 | ||
|---|---|---|---|
| 005 | 20260106144956.0 | ||
| 008 | 260106b |||||||| |||| 00| 0 eng d | ||
| 020 | _a978-81-203-5158-5 | ||
| 050 | _aQD 33.M64 2016 | ||
| 100 | _aMOHAPATRA RANJAN KUMAR | ||
| 245 | _aENGINEERING CHEMISTRY WITH LABORATORY EXPERIENCE | ||
| 260 |
_aINDIA _bPHI LEARNING PRIVATE LIMITED _c2016 |
||
| 300 | _aX,370 | ||
| 500 | _aINCLUDES AN INDEX | ||
| 650 | _aEgineering chemistry-Chemical rinetics -laboratory manual | ||
| 942 |
_2lcc _cBK |
||
| 999 |
_c216410 _d216410 |
||